The US-Malaysia nexus : Themes in superpower-small state relations

Bibliographic Details
Main Author: Sodhy, Pamela
Format: Book
Published: Kuala Lumpur : ISIS Malaysia , 1991
Subjects:

MARC

LEADER 00000cam a2200000 7i4500
001 0000002176
002 000002373
005 20000330.0
020 |a 9679471330 
090 0 0 |a 327.73   |b PAM 
100 1 |a Sodhy, Pamela 
245 1 4 |a The US-Malaysia nexus :   |b Themes in superpower-small state relations   |c Pamela Sodhy 
260 |a Kuala Lumpur :   |b ISIS Malaysia ,   |c 1991 
300 |a 570p. ;   |c 23cm. 
651 0 |a Malaysia   |x Foreign relations   |z United States 
651 0 |a United States   |x Foreign relations   |z Malaysia 
999 |a 028094   |b BUKU   |c MALAYSIANA   |e PERPUSTAKAAN KOMUNITI PETALING JAYA 
999 |a 042124   |b BUKU   |c MALAYSIANA   |e PERPUSTAKAAN KOMUNITI PETALING JAYA